=LDR 00000nam 2200000 4500 =001 NUTBA000000000002514 =005 20140618145831.0 =006 =007 =008 =020 ##$$a 978-602-855-380-3 =035 ##$$a 0010-061400000000457 =040 ##$$a NBPDMAT =082 ##$$a 641.303 =090 ##$$a 641.303 $b And j =100 ##$$a Andarini Trisnasari =245 ##$$a Jangan ragu makan daun / $c Andarini Trisnasari =250 ##$$a Cet.1 =260 ##$$a Banten : $b Talenta Pustaka Indonesia, $c 2009 =300 ##$$a iv, 60 hlm. : $b ilus. ; $c 25 cm. =500 ##$$a Bibliografi : hlm. 60 =650 ##$$a Sayur =850 ##$$a NBPDMAT =990 ##$$a 21403362